000 00661nam a22001337a 4500
999 _c527251
_d527251
008 240819b ||||| |||| 00| 0 eng d
100 _aJha, Vishwa Mohan
_947059
245 _aEvolution of Ram Sharan Sharma as a historical materialist: The little-known first chapter
260 _aSocial Scientist
300 _a 52(3-4), Mar-Apr, 2024: p.63-88
520 _aNo scientist has always been right, and therefore, science does not defer to authority. What must rain sacrosanct, instead, is observed data, in so far as it is collected accurately, and the scientific methodology in all it rigour. – Reproduced
773 _aSocial Scientist
942 _cAR